Datum a čas kvízu
21.5
Celkem bodů
Celkový počet nahraných bodů na tomto kvízu bez doplňovacích otázek.
13.
Pořadí na kvízu
Konečné umístění týmu na tomto kvízu.
Zaznamenané odpovědi
| # | Otázka | Odpověď | Body | Výsledky |
|---|---|---|---|---|
| 1. | Krajský soud v Praze začal v ú... | 1 | ||
| 2. | Policisté provedli v minulých... | 1 | ||
| 3. | Americká spisovatelka Katherin... | 1 | ||
| 4. | Jak informoval v úterý Čínský... | 0 | ||
| 5. | Disciplinární komise Ligové fo... | 1 | ||
| 6. | Zvíře jménem Benjamin v Orwell... | 1 | ||
| 7. | Tato kniha Jacka Londona navaz... | 1 | ||
| 8. | Příběhy medvídka Pú pochází z... | 0 | ||
| 9. | O Knize džunglí jsme se v kvíz... | 0 | ||
| 10. | Lev, čarodějnice a skříň není... | 0 |